000 01617nam0a22003731 4500
001 v19\rc\1972051
005 20251118181120.5
035 _a(NLR Aleph) 005056441
090 _a6949723
_c6949723
100 _a20251123 rusy50
101 0 _arus
102 _aRU
105 _aa z |||||
200 1 _aГеологические исследования в Южном Урале, произведенные в 1913 году
_e(Предвар. отчет)
_fА.Н. Заварицкий
210 _aСанкт-Петербург
_cтип. М.М. Стасюлевича
_d1914
215 _a355-398 с.
_cил.
_d24
300 _aОбл. на рус. и фр. яз.; рез. на фр. яз.
309 _aБез тит. л.
311 _aОтт. из т. 33 "Изв. Геол. ком." № 244
316 _aЭкз. РНБ (37.56.4.111): 2-й экз. с автогр. авт.
_5NLR: 37.56.4.111
488 0 _12001#$aИзвестия Геологического комитета$vТ. 33, № 244
_tИзвестия Геологического комитета
532 1 3 _aГеологические исследования в Южном Урале, произведенные в 1913 году
700 1 _aЗаварицкий
_bА.Н.
_f1884-1952
_gАлександр Николаевич
801 0 _aRU
_bNLR
_gpsbo
801 0 _aRU
_bRuMoRGB
_2psbo
801 1 _aRU
_bProSoft-M
_2rusmarc
852 _aNLR
_j37.56.4.111
899 _aRuMoRGB
_jV 119/18
899 _aRuMoRGB
_jW 479/651
899 _aБАН
899 _aНБ СПбГУ
942 _cBOOK
980 _aNB